000 00742nam a2200289Ia 4500
005 20260324150827.0
008 008 260324s9999 xx 000 0 eng d
020 _a9781351030984
037 _aEBOOK
040 _aCRL
040 _beng
040 _cCRL
041 _2eng
041 _aeng
084 _qCRL
100 _aG. Gordon Brown; A. McD Bruce Hutt
_91227752
245 0 _aAnthropology in Action
245 3 _bAn Experiment in the Iringa District of the Iringa Province Tanganyika Territory
260 _bTaylor and Francis
260 _c1935
365 _a
365 _b160
856 _uhttp://www.taylorfrancis.com/books/9781351030984
942 _cEBOOK
999 _c1837895
_d1837895